000 00769nam a2200253Ia 4500
003 OSt
005 20220918173142.0
006 a|||||r|||| 00| 0
007 ta
008 220917b |||||||| |||| 00| 0 eng d
024 _a5,353
037 _cTextual
040 _aARTS
_cARTS
_beng
041 _2eng
_aeng
082 _a2;7, Ll9 (2)
100 _aPollet Dorothy comp & ed
_945095
245 0 _aSign systems for libraries
_b Solving the wayfinding problem
260 _aNew York
_bR R Bowker
_c1979
300 _axiii,277p Bibliography
_ccm.
650 _aLIBRARY SCIENCE
700 _a Haskell Peter C. comp & ed
_945096
942 _h2;7, Ll9 (2)
_cTEXL
_2CC
999 _c147387
_d147387